Handbooks of fluid, electrolyte, and acid-base imbalanaces / (Record no. 21129)
[ view plain ]
| 000 -LEADER | |
|---|---|
| fixed length control field | 00841nam a2200241 a 4500 |
| 005 - DATE AND TIME OF LATEST TRANSACTION | |
| control field | 20140310183310.0 |
| 008 - FIXED-LENGTH DATA ELEMENTS--GENERAL INFORMATION | |
| fixed length control field | 051012s19uu xx 00 eng d |
| 020 ## - INTERNATIONAL STANDARD BOOK NUMBER | |
| International Standard Book Number | 1401810330 |
| 050 ## - LIBRARY OF CONGRESS CALL NUMBER | |
| Classification number | RC 630 |
| Item number | .H36 2004 |
| 100 ## - MAIN ENTRY--PERSONAL NAME | |
| Personal name | Kee, Joyce LeFever |
| 245 ## - TITLE STATEMENT | |
| Title | Handbooks of fluid, electrolyte, and acid-base imbalanaces / |
| Statement of responsibility, etc | Joyce LeFever Kee, Betty J. Paulanka and Larry D. Purnell. |
| 250 ## - EDITION STATEMENT | |
| Edition statement | 2nd ed. |
| 260 ## - PUBLICATION, DISTRIBUTION, ETC. (IMPRINT) | |
| Place of publication, distribution, etc | New York : |
| Name of publisher, distributor, etc | Thomson Delmar Learning, |
| Date of publication, distribution, etc | 2004. |
| 300 ## - PHYSICAL DESCRIPTION | |
| Extent | xiv, 423 p. ; |
| Other physical details | col. ill. ; |
| Dimensions | 25 cm. |
| 521 ## - TARGET AUDIENCE NOTE | |
| Target audience note | |
| 650 ## - SUBJECT ADDED ENTRY--TOPICAL TERM | |
| Topical term or geographic name as entry element | Body fluid disorders |
| General subdivision | Handbooks,manuals, etc. |
| 650 ## - SUBJECT ADDED ENTRY--TOPICAL TERM | |
| Topical term or geographic name as entry element | Acid-base imbalances |
| General subdivision | Handbooks, manuals, etc. |
| 650 ## - SUBJECT ADDED ENTRY--TOPICAL TERM | |
| Topical term or geographic name as entry element | Water-electrolyte imbalances |
| General subdivision | Hanbooks, manuals, etc. |
| 700 ## - ADDED ENTRY--PERSONAL NAME | |
| Personal name | Paulanka, Betty J. |
| 700 ## - ADDED ENTRY--PERSONAL NAME | |
| Personal name | Purnell, Larry D. |
| 942 ## - ADDED ENTRY ELEMENTS (KOHA) | |
| Koha item type | Books |
| Source of classification or shelving scheme | Library of Congress Classification |
| Call number prefix | Foreign |
| Withdrawn status | Lost status | Source of classification or shelving scheme | Damaged status | Home library | Current library | Shelving location | Date acquired | Total Checkouts | Full call number | Barcode | Date last seen | Copy number | Price effective from | Koha item type |
|---|---|---|---|---|---|---|---|---|---|---|---|---|---|---|
| Library of Congress Classification | College Library | College Library | General Circulation Section | 01/14/2014 | RC 630 .H36 2004 | C6178 | 05/15/2018 | 1 | 01/14/2014 | Books |